000 00319nam a2200133Ia 4500
005 20251222141813.0
008 251222s9999||||xx |||||||||||||| ||spa||
082 _a330.1/K15
100 _aKafka Kiener, Folke
245 0 _aAnálisis Económico
250 _a2a.ed.
264 _bUniversidad del Pacífico
942 _cLIB
999 _c6539
_d6539